000 01129nam a2200313 i 4500
003 DO-SdBNP
005 20260508135951.0
007 ta
008 260508b202? dr a|||| |||| 00| 0 spa d
020 _a9789945639551
040 _aDO-SdBNP
_bspa
_cBNPHU
_erda
041 _aspa
082 4 _axxx
_bH519c
_222
100 1 _aHenríquez Ureña, Pedro,
_d1884-1946
_eautor
_4aut.
_91718
245 1 3 _aCon el corderito /
_cPedro Henríquez Ureña ; ilustraciones, José Segura ; corrección, Adrian R. Morales, Vilma Martínez A.
264 1 _aSanto Domingo :
_bISFODOSU,
_c202?.
300 _a27 páginas :
_bretratos ;
_c22 cm.
336 _atexto
_btxt
_2rdacontent
337 _asin mediación
_bn
_2rdamedia
338 _avolumen
_bnc
_2rdacarrier
490 1 _aColección Cuentos Infantiles Dominicanos
490 1 _aSerie
_v1
700 1 _aSegura, José,
_eilustrador
_4il.
_989506
700 1 _aMorales, Adrian R.,
_ecorrector
_4corr.
_989507
700 1 _aMartínez A., Vilma,
_ecorrector
_4corr.
_989508
710 2 _aInstituto Superior de Formación Docente Salomé Ureña
_980965
910 _aBtavárez
942 _2ddc
_cLF2
999 _c60694
_d60694